UBT Library

Increasing student learning through multimedia projects / (Record no. 43023)

000 -LEADER
fixed length control field 00794cam a22002534a 4500
001 - CONTROL NUMBER
control field 12776924
005 - DATE AND TIME OF LATEST TRANSACTION
control field 20180221045122.0
008 - FIXED-LENGTH DATA ELEMENTS--GENERAL INFORMATION
fixed length control field 020516s2002 vaua b 001 0 eng
010 ## - LIBRARY OF CONGRESS CONTROL NUMBER
LC control number 2002007798
020 ## - INTERNATIONAL STANDARD BOOK NUMBER
International Standard Book Number 0871206641 (pbk. : alk. paper)
040 ## - CATALOGING SOURCE
Original cataloging agency DLC
Transcribing agency DLC
Modifying agency DLC
041 ## - LANGUAGE CODE
Language code of text/sound track or separate title eng
042 ## - AUTHENTICATION CODE
Authentication code pcc
043 ## - GEOGRAPHIC AREA CODE
Geographic area code n-us---
080 ## - UNIVERSAL DECIMAL CLASSIFICATION NUMBER
Universal Decimal Classification number 371.335 bar
082 00 - DEWEY DECIMAL CLASSIFICATION NUMBER
Classification number 371.335 bar
Edition number 21
100 ## - Rafti
Rafti 48
101 ## - Shkurtesa
Shkurtesa EDU
245 00 - TITLE STATEMENT
Title Increasing student learning through multimedia projects /
Statement of responsibility, etc Michael Simkins ... [et al.].
504 ## - BIBLIOGRAPHY, ETC. NOTE
Bibliography, etc Includes bibliographical references (p. 132) and index.
906 ## - LOCAL DATA ELEMENT F, LDF (RLIN)
a 7
b cbc
c orignew
d 1
e ecip
f 20
g y-gencatlg
942 ## - ADDED ENTRY ELEMENTS (KOHA)
Source of classification or shelving scheme
Item type Books
Holdings
Withdrawn status Lost status Source of classification or shelving scheme Damaged status Not for loan Collection code Permanent location Current location Shelving location Date acquired Total Checkouts Full call number Barcode Date last seen Price effective from Koha item type
          Koleksioni i përgjithshem UBT - Lipjan UBT - Lipjan Koleksioni i përgjithshem 02/21/2018   371.335 bar 002-2999823 02/21/2018 02/21/2018 Books
UBT Library © 2015-2024. All rights reserved University Education for Business and Technology